| 000 | 00646nam a2200181Ia 4500 | ||
|---|---|---|---|
| 003 | GCL | ||
| 005 | 20240530103351.0 | ||
| 008 | 140319s9999 xx 000 0 ara d | ||
| 040 |
_aGCL / _cGCL |
||
| 082 | 0 | 4 |
_a953.04 _bم و |
| 100 | 1 | _aمحمد ماهر حمادة | |
| 245 | 1 | 0 |
_aالوثائق السياسية والادارية العائدة للعصر العباسى الاول 247-132 هـ - 186-750م / _cمحمد ماهر حمادة |
| 300 | _a303 ص | ||
| 490 | 0 |
_aسلسلة وثائق الاسلام ؛ _v0 |
|
| 650 | 0 | 4 | _aالتاريخ الاسلامى |
| 650 | 0 | 4 | _aالدولة العباسية - تاريخ |
| 942 |
_2ddc _cBK |
||
| 999 |
_c38858 _d38858 |
||